La France à l’Eurovision - Statistiques

Statistiques générales
  • Ce quiz a été pris 142 fois
    89 depuis la dernière actualisation
  • Le résultat moyen est 18 sur 67
Statistiques - réponses
Année Artiste - Titre Place Points % Correct
2025 Louane - maman 7e 230
96%
2024 Slimane - Mon amour 4e 445
92%
2021 Barbara Pravi - Voilà 2e 499
88%
2016 Amir - J’ai cherché 6e 257
78%
2023 La Zarra - Évidemment 16e 104
77%
1977 Marie Myriam - L’Oiseau et l’Enfant 1er 136
73%
2019 Bilal Hassani - Roi 16e 105
66%
2018 Madame Monsieur - Mercy 13e 173
63%
2014 Twin Twin - Moustache 26e 2
59%
2009 Patricia Kaas - Et s’il fallait le faire 8e 107
51%
1993 Patrick Fiori - Mama Corsica 4e 121
47%
2017 Alma - Requiem 12e 135
42%
2022 Alvan & Ahez - Fulenn 24e 17
41%
2007 Les Fatals Picards - L’amour à lafrançaise 22e 19
38%
2012 Anggun - Echo (You and I) 22e 21
37%
2010 Jessy Matador - Allez ola olé 12e 82
37%
2015 Lisa Angell - N’oubliez pas 25e 4
37%
2001 Natasha St-Pier - Je n’ai que mon âme 4e 142
36%
2013 Amandine Bourgeois - L’enferet moi 23e 14
33%
2011 Amaury Vassili - Sognu 15e 82
33%
2008 Sébastien Tellier - Divine 19e 47
30%
1958 André Claveau - Dors, mon amour 1er 27
27%
1960 Jacqueline Boyer - Tom Pillibi 1er 32
26%
1991 Amina - C’est le dernier qui a parlé qui a raison 2e 146
25%
1990 Joëlle Ursull - White and Black Blues 2e 132
22%
2004 Jonatan Cerrada - À chaque pas 15e 40
22%
1962 Isabelle Aubret - Un premier amour 1er 26
21%
1971 Serge Lama - Un jardin sur la Terre 10e 82
21%
1988 Gérard Lenorman - Chanteur de charme 10e 64
19%
1968 Isabelle Aubret - La Source 3e 20
19%
2006 Virginie Pouchain - Il était temps 22e 5
19%
2005 Ortal - Chacun pense à soi 23e 11
18%
2002 Sandrine François - Il faut du temps 5e 104
18%
2000 Sofia Mestari - On aura le ciel 23e 5
18%
1997 Fanny - Sentiments Songes 7e 95
16%
1969 Frida Boccara - Un jour, un enfant 1er 18
16%
1970 Guy Bonnet - Marie-Blanche 4e 8
16%
2003 Louisa Baïleche - Monts et Merveilles 18e 19
16%
1976 Catherine Ferry - Un, deux, trois 2e 147
15%
1986 Cocktail Chic - Européennes 17e 13
15%
1983 Guy Bonnet - Vivre 8e 56
15%
1998 Marie Line - Où aller 24e 3
15%
1979 Anne-Marie David - Je suis l’enfant-soleil 3e 106
14%
1992 Kali - Monté la riviè 8e 73
14%
1956 Mathé Altéry - Le Temps perduDany Dauberson - Il est là Inconnu Inconnu
14%
1989 Nathalie Pâque - J’ai volé la vie 8e 60
12%
1995 Nathalie Santamaria - Il me donne rendez-vous 4e 94
12%
1987 Christine Minier - Les mots d’amour n’ont pasde dimanche 14e 44
11%
1996 Dan Ar Braz & l’Héritage des Celtes -Diwanit bugale 19e 18
11%
1981 Jean Gabilou - Humanahum 3e 125
11%
1999 Nayah - Je veux donner ma voix 19e 14
11%
1994 Nina Morato - Je suis un vrai garçon 7e 74
11%
1957 Paule Desjardins - La Belle Amour 2e 17
11%
1964 Rachel - Le Chant de Mallory 4e 14
11%
1966 Dominique Walter - Chez nous 16e 1
10%
1965 Guy Mardel - N’avoue jamais 3e 22
10%
1959 Jean Philippe - Oui, oui, oui, oui 3e 15
10%
1978 Joël Prévost - Il y aura toujours des violons 3e 119
10%
1980 Profil - Hé, hé m’sieurs dames 11e 45
10%
1963 Alain Barrière - Elle était si jolie 5e 25
8%
1972 Betty Mars - Comé- comédie 11e 81
8%
1967 Noëlle Cordier - Il doit faire beau là-bas 3e 20
8%
1975 Nicole Rieu - Et bonjour à toi l’artiste 4e 91
7%
1984 Annick Thoumazeau - Autant d’amoureux que d’étoiles 8e 61
5%
1961 Jean-Paul Mauric - Printemps, avril chantonne 4e 13
5%
1973 Martine Clémenceau - Sans toi 15e 65
5%
1985 Roger Bens - Femme dans ses rêves aussi 10e 56
5%
Aucun quiz correspondant
Distribution des résultats
% des personnes avec chaque résultat
Percentile par nombre de réponses
Votre historique - résultats
Vous n’avez pas pris ce quiz depuis la dernière actualisation